| 000 | 01056nam0a22002771 4500 | ||
|---|---|---|---|
| 001 | rc\4885162 | ||
| 005 | 20250613030222.0 | ||
| 021 |
_aRU _b[62-12805ж] |
||
| 035 | _a(NLR Aleph) 008918756 | ||
| 090 |
_a8810516 _c8810516 |
||
| 100 | _a20130426d1962 |||y0rusy50 ca | ||
| 101 | 0 | _arus | |
| 102 | _aRU | ||
| 105 | _aa z ||||| | ||
| 200 | 1 |
_aЭкзогенные месторождения селена _fМ-во геологии и охраны недр СССР. Всесоюз. науч.-исслед. ин-т минер. сырья "ВИМС" |
|
| 210 |
_aМосква _cГосгеолтехиздат _d1962 |
||
| 215 |
_a141 с. _cил. _d22 |
||
| 225 | 1 |
_aГеология месторождений редких элементов _vВып. 11 |
|
| 320 | _aБиблиогр.: с. 133-140 | ||
| 606 |
_aСелен _xМесторождения _xГеология _2psbo |
||
| 700 | 1 |
_aЭгель _bЛ.Е. _gЛев Евгеньевич |
|
| 801 | 0 |
_aRU _bNLR _gpsbo |
|
| 801 | 1 |
_aRU _bELAR _2rusmarc |
|
| 852 |
_aNLR _jП7/890 |
||
| 942 | _cBOOK | ||
| 980 | _aNB | ||